Държави, най-близки до България - Едноминутен спринт - Statistics

General Stats
  • This quiz has been taken 75 times
  • The average score is 12 of 20
Answer Stats
км страна % Correct
0 Сърбия
98%
0 Гърция
96%
0 Румъния
96%
0 Турция
96%
0 Северна Македония
81%
148 Албания
68%
54 Косово
64%
148 Украйна
55%
175 Черна гора
55%
258 Унгария
55%
164 Молдова
53%
315 Хърватия
51%
640 Чехия
45%
358 Русия
43%
221 Босна и Херцеговина
43%
535 Словения
40%
400 Италия
38%
497 Словакия
38%
533 Полша
38%
570 Австрия
36%
No matching quizzes found
Score Distribution
Percent of People with Each Score
Percentile by Number Answered
Your Score History
You have not taken this quiz